00896nas a2200241Ia 4500001001100000003000900011008004100020040001300061040001300074041001300087100004400100210001200144222001200156245011700168250001100285260002200296501008600318300001700404310001500421362003400436500014100470650004300611R142/77672IT-RoPAU151124c99999999xx |||||||||||| ||und|| aIT-RoPAU cIT-RoPAU aFRANCESE aFarge ArlettegCodice Aut. SPICS: 47519 aRESEAUX aReseaux aRESEAUX, N.046/047 (MARZO/GIUGNO 1991)bArchive (L'), Moyen De Communication Et Constitution Du Sujet Historique a1a ed. aPARISbCNETc1991 bPaulus - SPICS - Società San Paolo EM (non-commercial uses only)cCopyright2015 a6 p. [41-46] aBIMESTRALE aN.046/047 (MARZO/GIUGNO 1991) aArchivio Come Mezzo di Comunicazione e Costituzione del Soggetto Storico: un Viaggio Attraverso gli Archivi Giudiziari del Secolo Xviii. aCOMUNICAZIONEvPUBBLICAZIONE PERIODICA